| 000 | 00806nam a2200229 a 4500 | ||
|---|---|---|---|
| 005 | 20230809063536.0 | ||
| 008 | 181105s2009 mx r 000 0 spa d | ||
| 020 | _a9706289496 | ||
| 035 | _aUPN01000227521 | ||
| 049 | _aCG | ||
| 050 | 4 |
_aRA448.5 I4.4 _bM5.3 |
|
| 245 | 0 | 0 |
_aMigración y salud : _blos hijos de migrantes mexicanos en Estados Unidos. |
| 260 |
_aMéxico : _bCONAPO, _c2009. |
||
| 300 |
_a47 p. : _bgráfs. |
||
| 501 | _aCon: Migration & health : the children of mexican immigrants in the U.S. | ||
| 650 | 4 |
_aINMIGRANTES - _xATENCION MEDICA - _zESTADOS UNIDOS _926312 |
|
| 650 | 4 |
_aHIJOS DE INMIGRANTES _95486 |
|
| 650 | 4 |
_aMexicanos en los Estados Unidos _94447 |
|
| 740 | 0 | _aMigration & health : the children of mexican immigrants in the U.S. | |
| 905 | _aLibro | ||
| 999 |
_c199616 _d199616 |
||